Les béquilles du capital : Les transferts État-industrie, critère de nationalisation

Guardat en:
Dades bibliogràfiques
Autor principal: Pors, Anicet Le
Format: Llibre
Idioma:Undetermined
Publicat: Paris Éditions du Seuil 1977
Matèries:
Etiquetes: Afegir etiqueta
Sense etiquetes, Sigues el primer a etiquetar aquest registre!
Thư viện lưu trữ: Trung tâm Học liệu Trường Đại học Cần Thơ
LEADER 00581nam a2200205Ia 4500
001 CTU_82087
008 210402s9999 xx 000 0 und d
082 |a 338.944 
082 |b P838 
100 |a Pors, Anicet Le 
245 0 |a Les béquilles du capital : 
245 0 |b Les transferts État-industrie, critère de nationalisation 
245 0 |c Anicet Le Pors 
260 |a Paris 
260 |b Éditions du Seuil 
260 |c 1977 
650 |a Industrial policy 
650 |z France 
904 |i Trọng Hải 
980 |a Trung tâm Học liệu Trường Đại học Cần Thơ